00505nam a22001697a 450000500170000001000150001702000260003203500140005803700130007208200100008510000200009524500860011526000390020127000430024030000240028370000280030720170706110306.0 aENG-119115 a9789351867746c400.00 aEN-102647 bDBAD/PUB a650.1 aHIill, Napoleon aGO! navigate your way to success /cby Napoleon Hill [and] George Harrison Phelps bPrabhat prakashanc2016aNew Delhi a4/19 Asaf Ali Road,bNew Delhie110002 axi,212.p.c22cm(Hb) aPhelps,George Harrison